000 00364nam a2200097Ia 4500
008 180130s9999 xx 000 0 und d
245 _cSandholm, Thomas; Lee, Dongman
_aNotes on cloud computing principles
260 _c2016
300 _aBook title: Networking, models and methods of cloud computing--Acession number C20732; pages 241-250
650 _aCLOUD COMPUTING
999 _c353807
_d353807